000 006000000a22001810004500
003 MACL
005 20160401173732.0
008 160401b xxu||||| |||| 00| 0 eng d
040 _aMACL
_cMACL
041 _aHindi
082 _a333
100 _aचन्‍दोला प्रेमानन्‍द
_949863
245 _aप्रदूषण: पृथ्‍वी का ग्रहण
260 _aनई दिल्‍ली
_bहिमाचल पुस्‍तक भंडार
_c2012
350 _a90
650 _aपर्यावरण
_936465
942 _cHIN
_k333
_2ddc
999 _c48292
_d48292